<?xml version="1.0" encoding="UTF-8"?>
<marc:record xmlns:marc="http://www.loc.gov/MARC21/slim">
   <marc:leader>00000nam a2200000 a 4500</marc:leader>
   <marc:datafield ind1="0" ind2="0" tag="245">
      <marc:subfield code="a">Prinzessin Peppa &amp; Sir Schorsch der Mutige</marc:subfield>
   </marc:datafield>
   <marc:datafield ind1="0" ind2="0" tag="245">
      <marc:subfield code="b">10 lustige Abenteuer</marc:subfield>
   </marc:datafield>
   <marc:datafield ind1=" " ind2="1" tag="264">
      <marc:subfield code="a">Hamburg</marc:subfield>
      <marc:subfield code="b">Universal</marc:subfield>
      <marc:subfield code="c">2019</marc:subfield>
   </marc:datafield>
   <marc:datafield ind1="1" ind2=" " tag="490">
      <marc:subfield code="a">Peppa Pig</marc:subfield>
   </marc:datafield>
   <marc:datafield ind1="1" ind2=" " tag="520">
      <marc:subfield code="a">(Besprechung der Serie vgl. Folge 1 "Peppa Pig - Schweinchen in der Mitte", IN-G 20/15) - Enthält die Episoden: 1. Prinzessin Peppa; 2. Spielen und Arbeiten; 3. Der Regenbogen; 4. Pedro hat Husten; 5. In der Bücherei; 6. Das Wohnmobil; 7. Der Campingurlaub; 8. Der Komposthaufen; 9. Linus Löffel kommt zum Spielen; 10. Der Spendenlauf. Zur Fortsetzung. (Sprachen: D, GB)</marc:subfield>
   </marc:datafield>
   <marc:datafield ind1="3" ind2=" " tag="024">
      <marc:subfield code="a">5053083143725</marc:subfield>
   </marc:datafield>
   <marc:datafield ind1="0" ind2=" " tag="490">
      <marc:subfield code="v">0</marc:subfield>
   </marc:datafield>
   <marc:datafield ind1=" " ind2=" " tag="300">
      <marc:subfield code="a">1 DVD : 46 Min.</marc:subfield>
   </marc:datafield>
</marc:record>
